Loading...
| Fine Arts - Classical Music | 4 | 15.00 | 1,600% | 625% | 450% |
| Fine Arts - Other | 5 | 14.00 | 3,240% | 260% | 500% |
| Fine Arts - Painting & Sculpture | 4 | 15.00 | 3,725% | 275% | 200% |
| History - American | 5 | 12.00 | 720% | 220% | 320% |
| History - European | 4 | 12.50 | 1,600% | 250% | 400% |
| History - Other | 6 | 13.33 | 2,417% | 433% | 433% |
| History - World | 6 | 13.33 | 3,767% | 367% | 183% |
| Literature - American | 7 | 14.29 | 3,529% | 343% | 329% |
| Literature - British | 7 | 12.86 | 3,229% | 343% | 329% |
| Literature - European | 7 | 12.86 | 3,043% | 200% | 229% |
| Literature - World | 7 | 11.43 | 4,900% | 0% | 229% |
| Mythology | 1 | 10.00 | 0% | 0% | 800% |
| Other | 7 | 15.71 | 3,986% | 371% | 429% |
| Philosophy | 4 | 10.00 | 2,025% | 0% | 575% |
| Religion | 7 | 11.43 | 1,729% | 357% | 114% |
| Science - Biology | 6 | 15.00 | 2,483% | 250% | 583% |
| Science - Chemistry | 5 | 18.00 | 2,260% | 440% | 600% |
| Science - Other | 3 | 10.00 | 0% | 300% | 300% |
| Science - Physics | 7 | 14.29 | 3,229% | 271% | 386% |
| Social Science | 6 | 6.67 | 2,700% | 150% | 150% |